[Event "Jeddah Karpov Cup"]
[Site "Jeddah"]
[Date "2024.01.29"]
[Round "9"]
[White "Fates, Omer Salah"]
[Black "Humaidan Mohamed, Alzaabi"]
[Result "0-1"]
[WhiteElo "1867"]
[BlackElo "1565"]
[PlyCount "128"]
[EventDate "2024.01.24"]
[EventType "swiss"]
[EventRounds "9"]
[EventCountry "SAU"]
[SourceTitle "CB05_2024"]
[SourceDate "2024.01.31"]
[SourceVersion "1"]
[SourceVersionDate "2024.01.31"]
[SourceQuality "1"]

1. e4 c6 2. d4 d5 3. exd5 cxd5 4. Bd3 Nf6 5. Bg5 Bg4 6. Qd2 e6 7. Ne2 Bd6 8. Ng3 h6 9. Be3 Nh5 10. Nc3 a6 11. Nce2 Qc7 12. 0-0-0 Nc6 13. f3 Nxg3 14. Nxg3 f5 15. fxg4 f4 16. Bg6+ Kd7 17. Rhf1 Raf8 18. Kb1 fxe3 19. Qxe3 Bf4 20. Qe2 Bxg3 21. hxg3 Qxg3 22. c3 Qd6 23. Bd3 Rxf1 24. Rxf1 Rf8 25. Rxf8 Qxf8 26. b4 Na7 27. a4 Qd8 28. Kb2 Nc8 29. b5 a5 30. c4 Qf6 31. Qe3 Qg5 32. Qxg5 hxg5 33. Kb3 dxc4+ 34. Bxc4 Nb6 35. Bd3 Nd5 36. Be4 Kd6 37. Bf3 b6 38. Kc4 Nf6 39. Kd3 e5 40. Ke3 Nd5+ 41. Kd3 Nf4+ 42. Ke4 exd4 43. Kxd4 Ne6+ 44. Kc4 Nc5 45. Bd1 Ke5 46. g3 Ne4 47. Bc2 Nxg3 48. Kd3 Ne4 49. Kc4 Nf2 50. Bf5 g6 51. Bd7 Nd1 52. Kb3 Kd4 53. Bc6 Ne3 54. Bf3 Nc4 55. Bd1 Ne5 56. Kc2 Ke4 57. Kc3 Ke3 58. Bc2 Nxg4 59. Kc4 Nf6 60. Bxg6 g4 61. Bf5 Kf4 62. Be6 Ke5 63. Bc8 g3 64. Bh3 Nh5 0-1

[Event "Jeddah Karpov Cup"]
[Site "Jeddah"]
[Date "2024.01.28"]
[Round "7"]
[White "Fates, Omer Salah"]
[Black "Sureda Gonzalez, Miquel"]
[Result "1-0"]
[WhiteElo "1867"]
[BlackElo "1849"]
[PlyCount "169"]
[EventDate "2024.01.24"]
[EventType "swiss"]
[EventRounds "9"]
[EventCountry "SAU"]
[SourceTitle "CB05_2024"]
[SourceDate "2024.01.31"]
[SourceVersion "1"]
[SourceVersionDate "2024.01.31"]
[SourceQuality "1"]

1. e4 e5 2. Nf3 Nc6 3. Bc4 Bc5 4. c3 Nf6 5. d3 d6 6. Bg5 h6 7. Bh4 Bg4 8. Nbd2 0-0 9. 0-0 g5 10. Bg3 Ne7 11. Qb3 Bb6 12. Rae1 c6 13. d4 d5 14. Bd3 exd4 15. e5 Ne4 16. Bxe4 dxe4 17. Nxd4 Bxd4 18. cxd4 Be6 19. Qe3 Nf5 20. Qxe4 Qxd4 21. Qxd4 Nxd4 22. f4 Bxa2 23. fxg5 hxg5 24. Re4 c5 25. Rg4 Ne6 26. Ne4 Kh7 27. Bh4 f5 28. exf6 gxh4 29. Rxh4+ Kg8 30. Rg4+ Kh8 31. Rh4+ Kg8 32. Rf3 Nd4 33. Rg3+ Kf7 34. Rg7+ Ke6 35. Nxc5+ Kxf6 36. Rgh7 Nf5 37. Nd7+ Kg5 38. R4h5+ Kg6 39. Nxf8+ Rxf8 40. g4 Ng7 41. R7h6+ Kf7 42. Rb5 b6 43. Rb4 Be6 44. Rf4+ Kg8 45. Rh8+ Kxh8 46. Rxf8+ Kh7 47. h3 Bc4 48. Rc8 Bd3 49. Rc3 Bb5 50. Rc7 a6 51. Rb7 Kg6 52. Rxb6+ Kg5 53. Kg2 Kf4 54. Rg6 Ne8 55. h4 Bd3 56. Rg8 Nd6 57. h5 Be4+ 58. Kf2 Bd5 59. Rg7 Ne4+ 60. Ke1 Ng5 61. h6 Be4 62. Ra7 Kxg4 63. Rxa6 Kh5 64. b4 Nf7 65. Re6 Bf5 66. Rf6 Nxh6 67. b5 Kg5 68. b6 Be4 69. Rf8 Nf5 70. Rg8+ Kf6 71. Rf8+ Kg5 72. Re8 Bd5 73. Kd2 Kf6 74. Kd3 Bg2 75. Rf8+ Ke6 76. Kc4 Nd6+ 77. Kc5 Ke7 78. Rg8 Nb7+ 79. Kb5 Bf1+ 80. Kc6 Nd8+ 81. Kc7 Ne6+ 82. Kb8 Nf8 83. Ka7 Ne6 84. b7 Nd4 85. Kb6 1-0

[Event "Jeddah Karpov Cup"]
[Site "Jeddah"]
[Date "2024.01.28"]
[Round "8"]
[White "Garijo Perez, Hugo"]
[Black "Fates, Omer Salah"]
[Result "1/2-1/2"]
[WhiteElo "2270"]
[BlackElo "1867"]
[PlyCount "56"]
[EventDate "2024.01.24"]
[EventType "swiss"]
[EventRounds "9"]
[EventCountry "SAU"]
[SourceTitle "CB05_2024"]
[SourceDate "2024.01.31"]
[SourceVersion "1"]
[SourceVersionDate "2024.01.31"]
[SourceQuality "1"]

1. d4 d5 2. c4 c6 3. Nf3 Nf6 4. e3 Bg4 5. h3 Bh5 6. Nc3 e6 7. Be2 Nbd7 8. 0-0 Bd6 9. Nd2 Bg6 10. Re1 Bb8 11. Nf1 Ne4 12. Nxe4 Bxe4 13. Bd3 Nf6 14. cxd5 exd5 15. f3 Bxd3 16. Qxd3 0-0 17. Bd2 Re8 18. Re2 Nh5 19. g4 Ng3 20. Nxg3 Bxg3 21. Kg2 Bc7 22. e4 dxe4 23. Rxe4 Rxe4 24. Qxe4 Qd6 25. f4 Rd8 26. Be3 Qb4 27. b3 Qc3 28. Rc1 Qb4 1/2-1/2

[Event "Jeddah Karpov Cup"]
[Site "Jeddah"]
[Date "2024.01.27"]
[Round "5"]
[White "Eman, Sawan"]
[Black "Fates, Omer Salah"]
[Result "0-1"]
[WhiteElo "1807"]
[BlackElo "1867"]
[PlyCount "52"]
[EventDate "2024.01.24"]
[EventType "swiss"]
[EventRounds "9"]
[EventCountry "SAU"]
[SourceTitle "CB05_2024"]
[SourceDate "2024.01.31"]
[SourceVersion "1"]
[SourceVersionDate "2024.01.31"]
[SourceQuality "1"]

1. e4 e5 2. Nf3 Nf6 3. Nxe5 Nxe4 4. Nc3 Nxc3 5. dxc3 d6 6. Nf3 Be7 7. Be3 0-0 8. Qd2 Be6 9. Nd4 Bd7 10. Bd3 Re8 11. 0-0-0 Nc6 12. Nxc6 bxc6 13. h4 Be6 14. h5 a5 15. a3 Rb8 16. g4 d5 17. a4 Qd6 18. Bf4 Qa3 19. Bxh7+ Kh8 20. Qd3 Qxb2+ 21. Kd2 d4 22. Be4 dxc3+ 23. Ke2 Rbd8 24. Qe3 Bd5 25. f3 Bxe4 26. Qxe4 Bd6 0-1

[Event "Monastir Safe Tours op"]
[Site "Monastir"]
[Date "2023.06.19"]
[Round "6"]
[White "Fates, Omer Salah"]
[Black "Ben Brahem, Aymen"]
[Result "0-1"]
[WhiteElo "1781"]
[BlackElo "2133"]
[PlyCount "94"]
[EventDate "2023.06.16"]
[EventType "swiss"]
[EventRounds "7"]
[EventCountry "TUN"]
[SourceTitle "EXT 2024"]
[Source "ChessBase"]
[SourceDate "2023.10.10"]
[SourceVersion "1"]
[SourceVersionDate "2023.10.10"]
[SourceQuality "1"]

1. e4 c6 2. d4 d5 3. exd5 cxd5 4. c4 Nc6 5. Nf3 Nf6 6. Nc3 e6 7. c5 Be7 8. Bd3 0-0 9. 0-0 b6 10. Bb5 Bb7 11. Bxc6 Bxc6 12. Ne5 Rc8 13. Nxc6 Rxc6 14. Qa4 Rc8 15. b4 Qd7 16. Bf4 Qb7 17. Rac1 a6 18. Rfe1 Rfd8 19. Qb3 h6 20. Na4 Nd7 21. cxb6 Nxb6 22. Nc5 Qa7 23. Qg3 Bf6 24. Rcd1 a5 25. a3 Nc4 26. Bxh6 axb4 27. axb4 Qb8 28. Bf4 Qxb4 29. Rb1 Qa3 30. Rb3 Qa2 31. Bc7 Re8 32. Rf3 Bxd4 33. Qf4 Bf6 34. Nd7 Qb2 35. Qg3 Bd4 36. h4 Re7 37. Be5 Bxe5 38. Nxe5 Nxe5 39. Rxe5 Rc1+ 40. Kh2 Qa1 41. Qg5 Rh1+ 42. Kg3 Qa7 43. Re2 Qb8+ 44. Rf4 f6 45. Qg4 g5 46. hxg5 fxg5 47. Rb2 Qxf4+ 0-1

[Event "Misurata op"]
[Site "Misurata"]
[Date "2022.12.12"]
[Round "6"]
[White "Fates, Omer Salah"]
[Black "Elbarag, Sagi Bashir"]
[Result "1-0"]
[WhiteElo "1927"]
[BlackElo "1506"]
[PlyCount "73"]
[EventDate "2022.12.08"]
[EventType "swiss"]
[EventRounds "9"]
[EventCountry "LBY"]
[SourceTitle "EXT 2024"]
[Source "ChessBase"]
[SourceDate "2023.10.10"]
[SourceVersion "1"]
[SourceVersionDate "2023.10.10"]
[SourceQuality "1"]

1. e4 c6 2. d4 d5 3. exd5 cxd5 4. c4 Nf6 5. Nc3 Nc6 6. Nf3 Bg4 7. cxd5 Nxd5 8. Qb3 Bxf3 9. gxf3 Nxc3 10. bxc3 Qd7 11. Rb1 e6 12. Qxb7 Qxb7 13. Rxb7 Rb8 14. Bb5 Rc8 15. Ba3 Bxa3 16. Bxc6+ Rxc6 17. Rb8+ Ke7 18. Rxh8 Rxc3 19. 0-0 h6 20. Rb8 Rxf3 21. Rb7+ Kf6 22. Rb3 Rxb3 23. axb3 Bb2 24. Rd1 a5 25. Kg2 g5 26. Kf3 Bc3 27. Ke4 Bb4 28. Rc1 Bd2 29. Rc5 Bb4 30. Rb5 Bd2 31. Kd3 Bb4 32. Kc4 Kg6 33. Rxb4 axb4 34. Kxb4 f5 35. Kc4 Kf7 36. Kc5 Ke7 37. Kc6 1-0

[Event "Arab-ch U14"]
[Site "Baghdad"]
[Date "2022.03.10"]
[Round "1"]
[White "Fawaz, Mohamad"]
[Black "Fates, Omer Salah"]
[Result "0-1"]
[WhiteElo "1285"]
[BlackElo "1828"]
[PlyCount "80"]
[EventDate "2022.03.10"]
[EventType "swiss"]
[EventRounds "9"]
[EventCountry "IRQ"]
[SourceTitle "EXT 2023"]
[Source "ChessBase"]
[SourceDate "2022.10.05"]
[SourceVersion "1"]
[SourceVersionDate "2022.10.05"]
[SourceQuality "1"]

1. e4 e6 2. d4 d5 3. e5 c5 4. c3 Nc6 5. Nf3 Qb6 6. Bd3 Bd7 7. dxc5 Bxc5 8. 0-0 a5 9. Bc2 Nge7 10. Nbd2 Ng6 11. Qe1 Nce7 12. a4 Qc7 13. Nb3 Ba7 14. Bd3 Nc6 15. Bxg6 hxg6 16. Nbd4 Bxd4 17. cxd4 Nb4 18. Ra3 b5 19. Bd2 Nc2 20. Rc3 Qxc3 21. Qb1 Qd3 22. Rd1 Nb4 23. Qa1 Qb3 24. Bc3 Nc2 25. Qc1 b4 26. Nd2 Qxa4 27. b3 Qc6 28. Qxc2 Qxc3 29. Qa2 Qxd4 30. Rc1 Qf4 31. g3 Qh6 32. h4 g5 33. Rc7 gxh4 34. g4 Qf4 35. Nc4 Qxg4+ 36. Kh2 Qf4+ 37. Kg1 dxc4 38. Qe2 h3 39. Qd1 h2+ 40. Kh1 Bc6+ 0-1

[Event "Sousse BICA op 1st"]
[Site "Sousse"]
[Date "2021.12.27"]
[Round "5"]
[White "Bahloul, Ahmed"]
[Black "Fates, Omer Salah"]
[Result "0-1"]
[WhiteElo "1492"]
[BlackElo "1875"]
[PlyCount "86"]
[EventDate "2021.12.24"]
[EventType "swiss"]
[EventRounds "9"]
[EventCountry "TUN"]
[SourceTitle "CBM 205 Extra"]
[Source "ChessBase"]
[SourceDate "2022.01.31"]
[SourceVersion "1"]
[SourceVersionDate "2022.01.31"]
[SourceQuality "1"]

1. e4 e6 2. d4 d5 3. exd5 exd5 4. Bd3 Bd6 5. Nc3 Nf6 6. Nge2 0-0 7. Bg5 c6 8. Qd2 Be6 9. 0-0-0 a5 10. a4 Na6 11. Nf4 Nc7 12. Nh5 Be7 13. Nxf6+ Bxf6 14. h4 Bd7 15. g4 Ne8 16. Rdg1 Qc7 17. Bf4 Qb6 18. Be5 Bxe5 19. dxe5 f6 20. f4 fxe5 21. fxe5 Nc7 22. h5 Ne6 23. Bf5 Rad8 24. Rf1 Qb4 25. g5 d4 26. Ne4 Qxd2+ 27. Kxd2 Nxg5 28. Nxg5 Bxf5 29. h6 g6 30. Rhg1 Rd5 31. e6 Re8 32. Rf4 c5 33. c4 dxc3+ 34. Kxc3 Re5 35. Nf7 Re3+ 36. Kc4 Bxe6+ 37. Kxc5 Bxf7 38. Kb6 Rb3+ 39. Kc7 Rxb2 40. Rgf1 Rf8 41. Re1 b5 42. axb5 Rxb5 43. Kc6 Rh5 0-1

[Event "Online Olym Div4 C"]
[Site "Chess.com INT"]
[Date "2021.08.20"]
[Round "3.2"]
[White "Fates, Omer Salah"]
[Black "Gurner, Jem"]
[Result "1/2-1/2"]
[WhiteElo "1804"]
[BlackElo "1800"]
[PlyCount "121"]
[EventDate "2021.08.20"]
[EventType "team (rapid)"]
[EventRounds "11"]
[EventCountry "USA"]
[SourceTitle "CBM 203 Extra"]
[Source "ChessBase"]
[SourceDate "2021.09.30"]
[SourceVersion "1"]
[SourceVersionDate "2021.09.30"]
[SourceQuality "1"]
[WhiteTeam "Libya"]
[BlackTeam "Jersey"]
[WhiteTeamCountry "LBY"]
[BlackTeamCountry "GCI"]

1. e4 g6 2. d4 Bg7 3. Nf3 d6 4. Bc4 e6 5. Nc3 Ne7 6. Be3 a6 7. 0-0 b5 8. Bd3 Bb7 9. a3 Nd7 10. Qd2 c5 11. dxc5 Nxc5 12. Rad1 Qc7 13. Rfe1 0-0 14. Bh6 Rfd8 15. Bxg7 Kxg7 16. Qf4 Rac8 17. Re3 Nc6 18. b4 Nxd3 19. Rexd3 Ne5 20. Nxe5 dxe5 21. Qe3 Rxd3 22. Rxd3 a5 23. h3 axb4 24. axb4 Qc4 25. Qf3 Rc7 26. Qg3 f6 27. f4 exf4 28. Qxf4 e5 29. Qg4 Bc8 30. Qf3 Be6 31. Nd5 Bxd5 32. Rxd5 Qxb4 33. Qd3 Qb1+ 34. Kh2 Qxc2 35. Qxc2 Rxc2 36. Rxb5 Rc4 37. Rb7+ Kh6 38. Rf7 Rxe4 39. Rxf6 Kg5 40. Rf1 Re3 41. Kg1 h5 42. Kf2 Ra3 43. Ke2 Ra2+ 44. Kf3 h4 45. Re1 Kf5 46. g4+ hxg3 47. Kxg3 e4 48. Rf1+ Ke5 49. Kh4 e3 50. Kg5 e2 51. Re1 Ke4 52. Kxg6 Ke3 53. h4 Kf2 54. Rxe2+ Rxe2 55. h5 Re1 56. h6 Rg1+ 57. Kh7 Kf3 58. Kh8 Kf4 59. h7 Rh1 60. Kg7 Rxh7+ 61. Kxh7 1/2-1/2